Rubber in Malaysia (Record no. 67679)

MARC details
000 -LEADER
fixed length control field 00358nam a2200145Ia 4500
100 ## - MAIN ENTRY--AUTHOR NAME
Personal name Sankaranarayanan K C
245 #0 - TITLE STATEMENT
Title Rubber in Malaysia
260 ## - PUBLICATION, DISTRIBUTION, ETC. (IMPRINT)
Name of publisher Rubber Board Bulletin
Year of publication 1965
300 ## - PHYSICAL DESCRIPTION
Number of Pages 90-99
650 ## - SUBJECT ADDED ENTRY--TOPICAL TERM
Topical Term Malaya
650 ## - SUBJECT ADDED ENTRY--TOPICAL TERM
Topical Term Planting materials
650 ## - SUBJECT ADDED ENTRY--TOPICAL TERM
Topical Term Rubber cultivation
942 ## - ADDED ENTRY ELEMENTS (KOHA)
Koha item type Journals
Holdings
Withdrawn status Lost status Damaged status Not for loan Home library Current library Shelving location Date acquired Serial Enumeration / chronology Koha item type
      Journals RRII Library RRII Library Rubber general 17/12/2021 Volume 8, Issue 2 Journals